000
00255nam a2200109Ia 4500
008
220204s9999 xx 000 0 und d
082
_a
82-3HAR
_b
PEA
100
_a
Peale, Constance F
245
0
_a
Give us forever
260
_b
Harlequin
_c
1983
942
_c
BK
999
_c
37726
_d
37726